Meilleurs pays du monde en équitation - Statistiques

Statistiques générales
  • Ce quiz a été pris 431 fois
  • Le résultat moyen est 23 sur 31
Statistiques - réponses
Rang Nombres de victoires et médailles pour les JO Pays % Correct
Championnats du monde 5 34 France
99%
Jeux olympiques 4 42 France
99%
Cumul JO et Championnats du monde 4 76 France
99%
Championnats du monde 1 89 Allemagne
90%
Jeux olympiques 1 66 Allemagne
90%
Cumul JO et Championnats du monde 1 155 Allemagne
90%
Championnats du monde 2 50 Etats-Unis
90%
Jeux olympiques 2 52 Etats-Unis
90%
Cumul JO et Championnats du monde 2 102 Etats-Unis
90%
Championnats du monde 4 44 Royaume-Uni
87%
Jeux olympiques 5 35 Royaume-Uni
87%
Cumul JO et Championnats du monde 3 79 Royaume-Uni
87%
Jeux olympiques 7 23 Italie
77%
Cumul JO et Championnats du monde 9 23 Italie
77%
Championnats du monde 6 16 Suisse
75%
Jeux olympiques 7 23 Suisse
75%
Cumul JO et Championnats du monde 7 39 Suisse
75%
Championnats du monde 7 13 Belgique
74%
Jeux olympiques 9 13 Belgique
74%
Cumul JO et Championnats du monde 8 26 Belgique
74%
Championnats du monde 10 10 Canada
66%
Cumul JO et Championnats du monde 10 17 Canada
66%
Championnats du monde 8 12 Suède
59%
Jeux olympiques 3 43 Suède
59%
Cumul JO et Championnats du monde 6 55 Suède
59%
Championnats du monde 3 47 Pays-Bas
55%
Jeux olympiques 6 26 Pays-Bas
55%
Cumul JO et Championnats du monde 5 73 Pays-Bas
55%
Jeux olympiques 10 12 Australie
51%
Championnats du monde 9 11 Danemark
41%
Cumul JO et Championnats du monde 10 17 Danemark
41%
Aucun quiz correspondant
Distribution des résultats
% des personnes avec chaque résultat
Percentile par nombre de réponses
Votre historique - résultats
Vous n’avez pas pris ce quiz